000 00550nam a22001937a 4500
003 KOHA_MİRAKIL
005 20251022140521.0
008 251022b tu ||||| |||| 00| 0 tur d
020 _a9786050842883
040 _aTR-AnABB
_btur
_cTR-AnABB
041 _atur
082 _a813.42
_bYIL 2021
100 1 _aYıldız, Ahmed Günbay,
245 1 0 _aUzak umutlar şehri /
_cAhmed Günbay Yıldız
260 _aİstanbul :
_bTimaş Yayınları,
_c2021
300 _a446 sayfa ;
_c21 cm
650 0 4 _aTürk edebiyatı, roman
942 _2ddc
_cBK
999 _c9186
_d9186
900 _bGizem YORULMAZ